000 00661nam a2200217Ia 4500
005 20250508160316.0
008 008 250505s9999 xx 000 0 eng d
020 _a0-697-03284-1
037 _aTextual
040 _aFEDL
_beng
_cFEDL
041 _aeng
_2eng
084 _a372.5, LIN
_qFEDL
100 _aLinderman Earl W
_9768278
245 0 _aDeveloping artistic and perceptual awareness: Art practice in the elementary classroom
250 _a2nd
260 _aDubuque
_bW M C Brown Company Publishers
_c1969
300 _axv,146p.
700 _a Herberholz Donald W
_9768279
942 _cTEXL
_h372.5, LIN
999 _c1363542
_d1363542